| 000 | 00725nam a2200241 a 4500 | ||
|---|---|---|---|
| 003 | Co-PeBPM | ||
| 005 | 20250903131802.0 | ||
| 008 | 231129s1997||||xx |||||||||||||| ||spa|| | ||
| 020 | _a968-7302-86-0 | ||
| 040 |
_bspa _aCo-PeBPM _cCo-PeBPM _eRDA |
||
| 041 | _aspa | ||
| 082 | _a248.4 D352v | ||
| 100 |
_aDelgadillo Besoain, Samana del Sol _eAutor |
||
| 245 | 0 |
_aLa Visión del águila. _bEl sendero mágico de la libertad |
|
| 250 | _aPrimera | ||
| 260 | _c1997 | ||
| 264 | _a México: Editora y distribuidora Tomo Dos; 1997 | ||
| 300 |
_a316 páginas; _c24 cms |
||
| 500 | _aIncluye índice | ||
| 650 | 1 | 4 |
_2LEMB _aTrascender |
| 650 | 1 | 4 |
_2LEMB _aAmor propio |
| 942 |
_2ddc _cBK _n0 |
||
| 999 |
_c18504 _d18504 |
||